| 000 | 00639nam a2200181 a 4500 | ||
|---|---|---|---|
| 005 | 20250822063901.0 | ||
| 008 | 991125s1971 san 000 0 spa u | ||
| 035 | _aUPN01000012158 | ||
| 049 | _aCG | ||
| 050 | 4 |
_aLB2342 _bC6.2 |
|
| 111 | 2 |
_aCongreso Panamericano de Instituciones de Crédito Educativo _n(4 : _d1971 : _cSanto Domingo) |
|
| 245 | 1 | 3 | _aEl crédito educativo y el financiamiento de la educación superior / |
| 260 |
_aSanto Domingo : _bPresencia, _c1971. |
||
| 300 | _a209 p., [1] h. pleg. | ||
| 650 | 2 |
_aEducación - _zAmérica Latina _xFinanzas _915816 |
|
| 650 | 7 |
_aEducación superior _vCongresos _2 _97384 |
|
| 905 | _aLibro | ||
| 999 |
_c12158 _d12158 |
||